[Event "14PCR_F"]
[Site "?"]
[Date "2005.??.??"]
[Round "?"]
[White "Janecek, Josef"]
[Black "Firla, Stanislav"]
[Result "0-1"]
[WhiteElo "2227"]
[BlackElo "2326"]
[PlyCount "120"]
[EventDate "2005.??.??"]
[EventType "corr"]
[SourceDate "2006.01.10"]

1. e4 c5 2. Nf3 d6 3. d4 cxd4 4. Nxd4 Nf6 5. Nc3 a6 6. Be3 e5 7. Nb3 Be6 8. f3
Be7 9. Qd2 Nbd7 10. g4 O-O 11. O-O-O b5 12. g5 Nh5 13. Nd5 Bxd5 14. exd5 f5 15.
gxf6 Bxf6 16. Na5 Nf4 17. Nc6 Qe8 18. Qb4 Qh5 19. Rg1 Bg5 20. Qxd6 Ne2+ 21.
Bxe2 Bxe3+ 22. Kb1 Bxg1 23. Qxd7 Bc5 24. d6 e4 25. Qe6+ Kh8 26. Qxe4 Rac8 27.
Ne7 Rcd8 28. d7 Qf7 29. Bd3 Qh5 30. Bxb5 axb5 31. Nc6 Bb6 32. Nxd8 Bxd8 33. Re1
Qxh2 34. Qb4 Rg8 35. Qxb5 Qd2 36. Rh1 Bf6 37. Qh5 h6 38. Qe8 Qd4 39. c3 Qd3+
40. Ka1 Qxf3 41. Re1 Qd5 42. a3 g5 43. Re6 Kg7 44. Re7+ Bxe7 45. Qxe7+ Kg6 46.
c4 Qxc4 47. d8=Q Rxd8 48. Qxd8 Qf1+ 49. Ka2 Qf7+ 50. b3 Qf2+ 51. Kb1 g4 52.
Qg8+ Kh5 53. a4 Qf5+ 54. Ka2 Kh4 55. Qa8 g3 56. a5 Qc2+ 57. Ka3 g2 58. Qd8+ Kg3
59. Qd6+ Kf3 60. Qf6+ Ke2 0-1

[Event "14PCR_F"]
[Site "?"]
[Date "2005.??.??"]
[Round "?"]
[White "Zahour, Jiri"]
[Black "Pytlik, Lesek"]
[Result "0-1"]
[WhiteElo "2303"]
[BlackElo "2367"]
[PlyCount "196"]
[EventDate "2005.??.??"]
[EventType "corr"]
[SourceDate "2006.01.10"]

1. e4 e6 2. d4 d5 3. Nc3 Bb4 4. Nge2 dxe4 5. a3 Be7 6. Nxe4 Nf6 7. N2g3 Nc6 8.
c3 Nxe4 9. Nxe4 O-O 10. Be2 e5 11. d5 Nb8 12. Be3 Nd7 13. Bc4 Nb6 14. Bb3 Bf5
15. Qf3 Bg6 16. O-O Nc8 17. Rfe1 Nd6 18. Nc5 a5 19. Na4 Nf5 20. c4 Re8 21. c5
e4 22. Qe2 Nxe3 23. fxe3 Bf6 24. Rad1 Re5 25. Rd2 Rh5 26. g3 Rg5 27. d6 Be5 28.
Qb5 Bxg3 29. hxg3 Rxg3+ 30. Rg2 Rxg2+ 31. Kxg2 Bh5 32. Qxb7 Qg5+ 33. Kf1 Qf5+
34. Kg1 Qg4+ 35. Kf2 Rf8 36. Nc3 Qh4+ 37. Kf1 Qh1+ 38. Kf2 Qh2+ 39. Kf1 Bg4 40.
Re2 Qh1+ 41. Kf2 Qh4+ 42. Kf1 cxd6 43. Qxe4 Bxe2+ 44. Kxe2 Qh2+ 45. Kd3 dxc5
46. Na4 h5 47. Bd5 h4 48. Qf3 h3 49. b3 Qd6 50. Kc4 Qa6+ 51. Kc3 h2 52. Nxc5
Qg6 53. Nd3 Qg5 54. Kd2 Qe7 55. b4 axb4 56. Nxb4 Qa7 57. Qh3 Qc7 58. Nc6 Rd8
59. Nxd8 Qa5+ 60. Kc1 Qxa3+ 61. Kd1 Qd3+ 62. Ke1 Qxd5 63. Qxh2 Qxd8 64. Qf4 g6
65. e4 Qd4 66. Kf1 Kg7 67. Kg2 Qf6 68. Qc7 g5 69. Qg3 Kg6 70. Qd3 Qb2+ 71. Kg3
Qe5+ 72. Kh3 Qf4 73. Qe2 f6 74. Qg4 Qf2 75. Qe6 Qf3+ 76. Kh2 Kh5 77. Qe8+ Kg4
78. Qc8+ Kf4 79. Qf5+ Ke3 80. Qc5+ Kxe4 81. Qc6+ Ke3 82. Qc3+ Ke2 83. Qb2+ Kd3
84. Qb3+ Ke4 85. Qe6+ Kd4 86. Qd6+ Kc4 87. Qa6+ Kc5 88. Qe6 Qc3 89. Qf7 Qe5+
90. Kh3 Kd4 91. Qa2 Qe3+ 92. Kg2 Ke5 93. Qf7 Qd2+ 94. Kg3 Qd6 95. Kf2 Kf5 96.
Kg2 Qd2+ 97. Kg3 Qd3+ 98. Kf2 Kg4 0-1

[Event "14PCR_F"]
[Site "?"]
[Date "2005.??.??"]
[Round "?"]
[White "Slavik, Miroslav"]
[Black "Zahour, Jiri"]
[Result "1-0"]
[WhiteElo "2198"]
[BlackElo "2303"]
[PlyCount "127"]
[EventDate "2005.??.??"]
[EventType "corr"]
[SourceDate "2006.01.10"]

1. d4 d5 2. c4 e5 3. dxe5 d4 4. Nf3 Nc6 5. g3 Be6 6. Nbd2 Qd7 7. Bg2 O-O-O 8.
O-O Nge7 9. Qa4 Kb8 10. Qb5 a6 11. Qb3 h6 12. Ne1 Bh3 13. Bxh3 Qxh3 14. Nd3 Ng6
15. f4 h5 16. Ne4 h4 17. Ndf2 Qd7 18. g4 Be7 19. h3 f5 20. exf6 gxf6 21. f5 Na5
22. Qc2 Ne5 23. b3 Rhg8 24. Kh1 Nac6 25. Bb2 Nb4 26. Qd2 c5 27. a3 Nbc6 28. Nd3
b6 29. Rad1 Qb7 30. Qf4 Ka7 31. Kg1 Rg7 32. Bc1 Rdg8 33. Nef2 Bd6 34. Qe4 Re7
35. Qg2 Bc7 36. Nf4 Nd7 37. Ne6 Na5 38. Qxb7+ Kxb7 39. Rd3 Ne5 40. Ne4 Nxd3 41.
exd3 Rf7 42. b4 cxb4 43. axb4 Nc6 44. b5 axb5 45. cxb5 Na7 46. Nxc7 Kxc7 47.
Bf4+ Kd7 48. Rb1 Ra8 49. Ra1 Rff8 50. Nd6 Rfb8 51. Ra4 Nc8 52. Rxd4 Ra1+ 53.
Kf2 Rba8 54. Ne4+ Ke7 55. Bd2 R1a2 56. Ke3 R8a4 57. Rxa4 Rxa4 58. Bc3 Kf7 59.
Bxf6 Ra5 60. Bxh4 Rxb5 61. Bf6 Rb1 62. g5 Ne7 63. Bxe7 Kxe7 64. g6 1-0

[Event "14PCR_F"]
[Site "?"]
[Date "2005.??.??"]
[Round "?"]
[White "Pytlik, Lesek"]
[Black "Hladecek, Miloslav"]
[Result "1/2-1/2"]
[WhiteElo "2367"]
[BlackElo "2306"]
[PlyCount "102"]
[EventDate "2005.??.??"]
[EventType "corr"]
[SourceDate "2006.01.10"]

1. e4 e6 2. d4 d5 3. Nd2 c5 4. exd5 Qxd5 5. Ngf3 cxd4 6. Bc4 Qh5 7. O-O Nc6 8.
Ne4 b5 9. Bd3 a6 10. Bg5 f6 11. Be2 fxg5 12. Nxd4 g4 13. Nxc6 Qd5 14. Qxd5 exd5
15. Nc3 Nf6 16. Rfe1 Kd7 17. Ne5+ Kc7 18. a4 b4 19. Na2 Rb8 20. Nc1 g5 21. Bd3
Bg7 22. Nb3 Re8 23. Nf7 Ne4 24. Nxg5 Bxb2 25. Rab1 Bc3 26. Re2 Bf5 27. Nxe4
dxe4 28. Bxa6 Kb6 29. Bb5 Red8 30. Re3 Rbc8 31. Bf1 Bf6 32. Nc1 Ka5 33. Na2 Bd4
34. Reb3 Be6 35. c4 Rf8 36. Rxb4 Rxf2 37. Rb5+ Ka6 38. Nb4+ Ka7 39. Nd5 Rb2+
40. Kh1 Rxb5 41. axb5 Bxd5 42. cxd5 Rd8 43. Bc4 Kb6 44. g3 h5 45. Rc1 e3 46.
Kg2 Rf8 47. Rc2 Kc5 48. b6 Kxb6 49. Bd3 Rf6 50. Rc6+ Rxc6 51. dxc6 Kxc6 1/2-1/2

[Event "14PCR_F"]
[Site "?"]
[Date "2005.??.??"]
[Round "?"]
[White "Houdek, Vladimir"]
[Black "Bednarik, Radovan"]
[Result "1/2-1/2"]
[WhiteElo "2151"]
[BlackElo "2201"]
[PlyCount "103"]
[EventDate "2005.??.??"]
[EventType "corr"]
[SourceDate "2006.01.10"]

1. Nf3 d5 2. d4 Nf6 3. Bf4 Nbd7 4. e3 Nh5 5. Nc3 Nxf4 6. exf4 e6 7. Qd3 Bd6 8.
g3 c5 9. Bg2 O-O 10. O-O cxd4 11. Nb5 Be7 12. Nbxd4 Qb6 13. Rab1 Nc5 14. Qe3
Ne4 15. c3 Bc5 16. b4 Bxd4 17. Nxd4 Nd6 18. Rfe1 Nc4 19. Qe2 g6 20. a4 Bd7 21.
a5 Qc7 22. h4 Rac8 23. h5 Qd8 24. Rbc1 Rc7 25. hxg6 hxg6 26. Bf3 Qf6 27. Kg2
Kg7 28. Rh1 Rcc8 29. Rh4 Rh8 30. Rch1 Rxh4 31. Rxh4 a6 32. Rh1 Kg8 33. Qe1 Nd6
34. Qe3 Nb5 35. Nxb5 Bxb5 36. Rc1 Kg7 37. g4 Rh8 38. Qd4 b6 39. g5 Qxd4 40.
cxd4 Rb8 41. Rc7 bxa5 42. bxa5 Bd3 43. Ra7 Kf8 44. Bg4 Ke8 45. Kf3 Rb3 46. Kg2
Rb1 47. Ra8+ Ke7 48. Ra7+ Kf8 49. Ra8+ Kg7 50. Ra7 Re1 51. Kg3 Bc4 52. f3
1/2-1/2

[Event "14PCR_F"]
[Site "?"]
[Date "2005.??.??"]
[Round "?"]
[White "Janecek, Josef"]
[Black "Hladecek, Miloslav"]
[Result "0-1"]
[WhiteElo "2227"]
[BlackElo "2306"]
[PlyCount "80"]
[EventDate "2005.??.??"]
[EventType "corr"]
[SourceDate "2006.01.10"]

1. e4 e6 2. d4 d5 3. Nd2 c5 4. exd5 Qxd5 5. Ngf3 cxd4 6. Bc4 Qh5 7. O-O Nc6 8.
Nb3 Bd7 9. Be2 Nf6 10. Nfxd4 Qe5 11. Bf3 Nxd4 12. Qxd4 Qxd4 13. Nxd4 O-O-O 14.
Bf4 Ba4 15. Rad1 Bc5 16. Be3 Bb6 17. b3 Bd7 18. c4 e5 19. Nc2 Bxe3 20. Nxe3 Be6
21. Bd5 Bxd5 22. cxd5 Rhe8 23. Rfe1 Rd7 24. Nc4 e4 25. Rd4 b5 26. Ne3 a6 27.
Rc1+ Rc7 28. Rdd1 Rxc1 29. Rxc1+ Kd7 30. Kf1 Rc8 31. Rd1 Kd6 32. g4 Ke5 33. g5
Ne8 34. Ke2 f5 35. gxf6 Nxf6 36. Rg1 g6 37. Rg5+ Kd6 38. Kd2 Rc5 39. b4 Rc7 40.
a3 Rc8 0-1

[Event "14PCR_F"]
[Site "?"]
[Date "2005.??.??"]
[Round "?"]
[White "Houdek, Vladimir"]
[Black "Rychtecky, Pavel"]
[Result "0-1"]
[WhiteElo "2151"]
[BlackElo "2218"]
[PlyCount "94"]
[EventDate "2005.??.??"]
[EventType "corr"]
[SourceDate "2006.01.10"]

1. Nf3 d5 2. d4 e6 3. g3 Nf6 4. Bg2 Be7 5. O-O O-O 6. c4 dxc4 7. Qc2 a6 8. a4
Bd7 9. Qxc4 Bc6 10. Bg5 a5 11. Nc3 Na6 12. Bxf6 Bxf6 13. e4 Nb4 14. Rfd1 b6 15.
Rac1 Bb7 16. Qe2 c6 17. Qe3 Rc8 18. Bf1 Qc7 19. Be2 Rfd8 20. b3 Qb8 21. Bc4 c5
22. Nb5 Qa8 23. Nc3 Rc7 24. dxc5 Rxc5 25. Rxd8+ Qxd8 26. Rd1 Qb8 27. Nb5 Ba8
28. h4 h6 29. Kg2 Rc8 30. Bf1 Bc6 31. Be2 Be7 32. Nc3 Bf6 33. Nb5 Rd8 34. Rxd8+
Qxd8 35. h5 Qb8 36. Kg1 Be7 37. Nfd4 Ba8 38. e5 Bc5 39. Kf1 Qb7 40. Bf3 Qxf3
41. Qxf3 Bxf3 42. Nxf3 Nd3 43. Ke2 Nxf2 44. Nd2 Ng4 45. Nc4 f6 46. Kf3 Nxe5+
47. Nxe5 fxe5 0-1

[Event "14PCR_F"]
[Site "?"]
[Date "2005.??.??"]
[Round "?"]
[White "Koci, Vladimir"]
[Black "Kuchtova, Ruzena"]
[Result "1/2-1/2"]
[WhiteElo "2292"]
[BlackElo "2216"]
[PlyCount "117"]
[EventDate "2005.??.??"]
[EventType "corr"]
[SourceDate "2006.01.10"]

1. d4 d5 2. Nf3 Nf6 3. Bf4 c6 4. c3 Nbd7 5. e3 Nh5 6. Bg5 h6 7. Bh4 g5 8. Bg3
Nxg3 9. hxg3 Bg7 10. Nbd2 g4 11. Nh4 Nf6 12. Bd3 Qc7 13. Nf5 Bf8 14. e4 Bxf5
15. exf5 h5 16. Qe2 O-O-O 17. Nb3 Re8 18. Qe5 Bg7 19. f4 e6 20. O-O-O Kb8 21.
Rde1 b6 22. fxe6 Rxe6 23. Qf5 Rxe1+ 24. Rxe1 Qd8 25. Qg5 Bf8 26. Qh4 Be7 27.
Re5 a5 28. a4 Rg8 29. Na1 Re8 30. Nc2 Nd7 31. Qxh5 Nxe5 32. dxe5 Rf8 33. Qxg4
Bc5 34. Bf5 Rh8 35. Kb1 Rh2 36. Qe2 Kb7 37. g4 Qh4 38. e6 Qe7 39. g5 Bd6 40.
Bh3 Bxf4 41. Qg4 Rh1+ 42. Ka2 Be5 43. exf7 Qxf7 44. Qc8+ Ka7 45. Qxc6 d4+ 46.
Be6 Qb7 47. Qxb7+ Kxb7 48. cxd4 Bg7 49. Kb3 Rh5 50. Kc4 Rxg5 51. g4 Rg6 52. Bf5
Rc6+ 53. Kd5 Kc7 54. g5 Rd6+ 55. Ke4 b5 56. b3 bxa4 57. bxa4 Kd8 58. d5 Rb6 59.
Be6 1/2-1/2

[Event "14PCR_F"]
[Site "?"]
[Date "2005.??.??"]
[Round "?"]
[White "Bednarik, Radovan"]
[Black "Koci, Vladimir"]
[Result "0-1"]
[WhiteElo "2201"]
[BlackElo "2292"]
[PlyCount "114"]
[EventDate "2005.??.??"]
[EventType "corr"]
[SourceDate "2006.01.10"]

1. d4 Nf6 2. c4 e6 3. Nf3 d5 4. e3 c5 5. cxd5 Nxd5 6. e4 Nf6 7. Nc3 cxd4 8.
Qxd4 Qxd4 9. Nxd4 a6 10. Bd3 Bb4 11. e5 Nd5 12. Bd2 Bxc3 13. bxc3 Nd7 14. f4
Nc5 15. Bc2 b5 16. a4 bxa4 17. c4 Nb6 18. Bb4 Nbd7 19. O-O Bb7 20. Rfe1 Rb8 21.
f5 Rc8 22. Rad1 g6 23. fxg6 fxg6 24. Ba3 Rg8 25. Re3 Rg7 26. Rde1 Kf7 27. Bd1
h5 28. R1e2 Kg8 29. Rb2 Ba8 30. Bc2 g5 31. Bb1 h4 32. g3 h3 33. Rd2 g4 34. Rd1
Bg2 35. Bc2 Kf7 36. Rd2 Rg5 37. Nf5 Rc7 38. Nd6+ Kg8 39. Rde2 Nb3 40. Bb2 Bf3
41. Re1 Ndc5 42. Bc3 Rc6 43. Rb1 Rb6 44. Nc8 Rb8 45. Nd6 Rg7 46. Rb2 Kf8 47.
Re1 Ke7 48. Ra2 Rgg8 49. Bb2 Rgf8 50. Ba3 Kd7 51. Bg6 Kc6 52. Nf7 Nd4 53. Rd2
Ncb3 54. Ra2 Rg8 55. Bd6 Rb7 56. Bh5 Bg2 57. Rxa4 Nf3+ 0-1

[Event "14PCR_F"]
[Site "?"]
[Date "2005.??.??"]
[Round "?"]
[White "Nosek, Jaroslav"]
[Black "Houdek, Vladimir"]
[Result "0-1"]
[WhiteElo "2284"]
[BlackElo "2151"]
[PlyCount "116"]
[EventDate "2005.??.??"]
[EventType "corr"]
[SourceDate "2006.01.10"]

1. d4 d5 2. c4 dxc4 3. Nf3 Nf6 4. Nc3 c6 5. a4 Bf5 6. Ne5 Nbd7 7. Nxc4 Qc7 8.
g3 e5 9. dxe5 Nxe5 10. Bf4 Nfd7 11. Bg2 f6 12. O-O O-O-O 13. Ne4 Be6 14. Rc1
Kb8 15. Nxe5 fxe5 16. Bg5 Nf6 17. Qc2 Bf5 18. Bxf6 gxf6 19. Qb3 Qb6 20. Qxb6
axb6 21. Nxf6 Be7 22. Ne4 Rd4 23. Nc3 Rb4 24. e4 Be6 25. Rc2 Rd8 26. Ra1 Bb3
27. Re2 Rbd4 28. f4 Bc4 29. Rf2 Bc5 30. Kh1 R4d7 31. Rc2 exf4 32. gxf4 Bd3 33.
Rcc1 Be3 34. f5 Bxc1 35. Rxc1 Rd4 36. Re1 Kc7 37. f6 Kd6 38. e5+ Ke6 39. Bh3+
Bf5 40. Bf1 Rh4 41. b3 Bd3 42. Bxd3 Rxd3 43. Ne4 Rh5 44. Rf1 Rd8 45. Nd6 Rxe5
46. Nxb7 Rf8 47. b4 Rf5 48. Re1+ Kxf6 49. a5 bxa5 50. Nxa5 Rc8 51. Rc1 Ke7 52.
Rxc6 Rxc6 53. Nxc6+ Kd6 54. Nd4 Rf2 55. Kg1 Rb2 56. Nf3 Kd5 57. Ng5 h6 58. Nf7
h5 0-1

[Event "14PCR_F"]
[Site "?"]
[Date "2005.??.??"]
[Round "?"]
[White "Nosek, Jaroslav"]
[Black "Pecka, Josef"]
[Result "1/2-1/2"]
[WhiteElo "2284"]
[BlackElo "2309"]
[PlyCount "122"]
[EventDate "2005.??.??"]
[EventType "corr"]
[SourceDate "2006.01.10"]

1. e4 e5 2. Nf3 Nc6 3. Bb5 a6 4. Bxc6 dxc6 5. O-O f6 6. d4 Bg4 7. c3 Bd6 8. Be3
Qd7 9. Nbd2 exd4 10. cxd4 Ne7 11. h3 Be6 12. Qc2 O-O 13. Nc4 Ng6 14. Rfd1 Bf4
15. Qc1 Bd6 16. b3 Be7 17. Qc3 Rad8 18. Rd2 f5 19. Nfe5 Qe8 20. exf5 Rxf5 21.
Re2 Nxe5 22. Nxe5 Bd5 23. Rae1 Bd6 24. Bc1 Qf8 25. Qc2 Qf6 26. Qd3 Rh5 27. g4
Rh4 28. f4 Rf8 29. Qg3 Qd8 30. g5 Rh5 31. Qg4 g6 32. Nd7 Rh4 33. Qxh4 Qxd7 34.
Qg3 Qg7 35. Qd3 Qf7 36. Bd2 Qd7 37. Kh2 Rf5 38. Qg3 Rf8 39. Qg4 Qg7 40. Be3 Bb4
41. Rf1 Bd6 42. h4 Qf7 43. Bd2 Qg7 44. Bc3 b6 45. Kg1 c5 46. f5 Qd7 47. dxc5
gxf5 48. Qh3 Bxc5+ 49. Kh2 Qb5 50. Rfe1 Bd6+ 51. Be5 Bb4 52. a4 Qc6 53. Rf1 Qe6
54. Qd3 c6 55. h5 Bc5 56. Bf4 Qf7 57. Qh3 a5 58. Rfe1 Be4 59. Rd1 Re8 60. Rdd2
Bd5 61. Re5 Rxe5 1/2-1/2

[Event "14PCR_F"]
[Site "?"]
[Date "2005.??.??"]
[Round "?"]
[White "Hladecek, Miloslav"]
[Black "Slavik, Miroslav"]
[Result "1/2-1/2"]
[WhiteElo "2306"]
[BlackElo "2198"]
[PlyCount "113"]
[EventDate "2005.??.??"]
[EventType "corr"]
[SourceDate "2006.01.10"]

1. e4 c6 2. d4 d5 3. e5 Bf5 4. Nf3 e6 5. Nbd2 Ne7 6. Nh4 Nd7 7. c3 c5 8. Nxf5
Nxf5 9. Nf3 cxd4 10. cxd4 Qb6 11. a3 Ne7 12. Be2 Nc6 13. b4 Be7 14. O-O Rc8 15.
Be3 O-O 16. Rc1 Rc7 17. Bd3 Rfc8 18. Rc2 a6 19. Qe2 Qa7 20. Rfc1 b5 21. Nd2 Nb6
22. Qh5 g6 23. Qd1 Qb7 24. Ra2 Nc4 25. Nxc4 bxc4 26. Bc2 Qb6 27. Ba4 Na7 28.
Qd2 Nb5 29. f4 f5 30. Bd1 h6 31. Bf2 g5 32. Rcc2 Kh7 33. Bh5 Rg8 34. fxg5 Bxg5
35. Qd1 Rcg7 36. Kh1 Bf4 37. g3 Bg5 38. a4 Na7 39. Rcb2 Rb8 40. g4 fxg4 41.
Bxg4 Bd2 42. Qb1+ Kh8 43. Qd1 c3 44. Rxd2 cxd2 45. Qxd2 Rg6 46. Rb2 Nc6 47. Bh5
Rg5 48. Bd1 Na5 49. Qf4 Kg8 50. Qf6 Rg7 51. Qxh6 Rf8 52. Re2 Nc4 53. Bc2 Nxe5
54. Bg3 Nf3 55. Rf2 Rff7 56. Qe3 Ng5 57. Rxf7 1/2-1/2

[Event "14PCR_F"]
[Site "?"]
[Date "2005.??.??"]
[Round "?"]
[White "Koci, Vladimir"]
[Black "Mudra, Oldrich"]
[Result "1/2-1/2"]
[WhiteElo "2292"]
[BlackElo "2097"]
[PlyCount "89"]
[EventDate "2005.??.??"]
[EventType "corr"]
[SourceDate "2006.01.10"]

1. d4 Nf6 2. Nf3 g6 3. Bf4 Bg7 4. e3 d5 5. Nbd2 O-O 6. Bd3 c5 7. c3 Nc6 8. h3
Re8 9. O-O c4 10. Bc2 h6 11. b3 cxb3 12. axb3 Nd7 13. e4 e5 14. dxe5 Ndxe5 15.
Nxe5 Nxe5 16. exd5 Qxd5 17. Re1 Bd7 18. Nc4 Qxd1 19. Rexd1 Bc6 20. Na5 Rac8 21.
Rac1 a6 22. c4 b6 23. Nxc6 Nxc6 24. Kf1 Nb4 25. Bd3 Na2 26. Rc2 Nb4 27. Rcd2
Nxd3 28. Rxd3 b5 29. cxb5 axb5 30. Rd7 b4 31. Rb7 Bf8 32. Rdd7 Rc3 33. Rxf7
Rxb3 34. g3 Rb1+ 35. Kg2 g5 36. Be3 Rb8 37. Kf3 Rxb7 38. Rxb7 Rd1 39. Ke4 Ra1
40. f4 gxf4 41. Bxf4 Ra4 42. Be5 b3+ 43. Kd3 Rb4 44. Rxb4 Bxb4 45. g4 1/2-1/2

[Event "14PCR_F"]
[Site "?"]
[Date "2005.??.??"]
[Round "?"]
[White "Rychtecky, Pavel"]
[Black "Firla, Stanislav"]
[Result "0-1"]
[WhiteElo "2218"]
[BlackElo "2326"]
[PlyCount "96"]
[EventDate "2005.??.??"]
[EventType "corr"]
[SourceDate "2006.01.10"]

1. e4 c5 2. Nf3 d6 3. d4 cxd4 4. Nxd4 Nf6 5. Nc3 a6 6. Bg5 e6 7. f4 Qb6 8. Qd2
Nbd7 9. O-O-O Be7 10. g3 h6 11. Bh4 O-O 12. Qe2 Qc7 13. Bg2 Nb6 14. Rhe1 Bd7
15. e5 dxe5 16. Qxe5 Bd6 17. Qa5 Nfd5 18. Nxd5 exd5 19. Bxd5 Nxd5 20. Qxd5 Rfe8
21. f5 Rac8 22. Rxe8+ Rxe8 23. Kb1 Be5 24. Re1 Bxd4 25. Rxe8+ Bxe8 26. Qxd4 Qd7
27. Qd3 Qxd3 28. cxd3 f6 29. Kc2 h5 30. h3 Bc6 31. Kd2 Bg2 32. Ke3 Bxh3 33. Kf4
Kf7 34. Ke4 Bg4 35. a3 Ke7 36. Kf4 Kd7 37. Ke4 Kd6 38. b3 b5 39. b4 Kc6 40. d4
Kd6 41. d5 Ke7 42. Kf4 Kd7 43. Ke4 Kd6 44. Kd4 Bxf5 45. g4 Bxg4 46. Bg3+ Ke7
47. Ke3 g5 48. Bb8 h4 0-1

[Event "14PCR_F"]
[Site "?"]
[Date "2005.??.??"]
[Round "?"]
[White "Janecek, Josef"]
[Black "Kuchtova, Ruzena"]
[Result "0-1"]
[WhiteElo "2227"]
[BlackElo "2216"]
[PlyCount "100"]
[EventDate "2005.??.??"]
[EventType "corr"]
[SourceDate "2006.01.10"]

1. e4 a6 2. d4 e6 3. Nf3 d5 4. Nbd2 c5 5. exd5 Qxd5 6. Bc4 Qd8 7. dxc5 Bxc5 8.
O-O Nf6 9. Qe2 Nbd7 10. Ne4 Nxe4 11. Qxe4 Nf6 12. Qh4 b5 13. Bd3 Bb7 14. Rd1
Bd6 15. Bg5 Bxf3 16. gxf3 Qc7 17. Rac1 Be5 18. c4 b4 19. b3 h6 20. Be3 g5 21.
Qh3 Rg8 22. Be2 h5 23. Qg2 Bf4 24. Rd3 Qc6 25. Rcd1 a5 26. Kh1 a4 27. R3d2 axb3
28. axb3 h4 29. h3 Nh5 30. Bd3 f5 31. Bb1 Bc7 32. Rd4 Rg7 33. Bd2 Be5 34. Rd3
Nf4 35. Bxf4 Bxf4 36. Qf1 Rb7 37. Qe2 Kf7 38. Kg1 Qc7 39. Qb2 Qe5 40. Rd7+ Rxd7
41. Rxd7+ Ke8 42. Qxe5 Bxe5 43. Rd2 Ke7 44. Ra2 Ra3 45. Rxa3 bxa3 46. b4 Kd6
47. Ba2 Bc3 48. b5 Bd4 49. Kf1 Bc5 50. Ke1 Ke5 0-1

[Event "14PCR_F"]
[Site "?"]
[Date "2005.??.??"]
[Round "?"]
[White "Rychtecky, Pavel"]
[Black "Hladecek, Miloslav"]
[Result "0-1"]
[WhiteElo "2218"]
[BlackElo "2306"]
[PlyCount "94"]
[EventDate "2005.??.??"]
[EventType "corr"]
[SourceDate "2006.01.10"]

1. Nf3 Nf6 2. c4 e6 3. Nc3 d5 4. d4 Nbd7 5. Bg5 c6 6. e3 Qa5 7. cxd5 Nxd5 8.
Qd2 Bb4 9. Rc1 f6 10. Bh4 e5 11. e4 exd4 12. Nxd4 Nxc3 13. bxc3 Ba3 14. Rd1 Nc5
15. Nb3 Nxb3 16. axb3 Be6 17. b4 Qa4 18. Bd3 O-O 19. O-O a5 20. bxa5 Qxa5 21.
Bg3 b5 22. Ra1 Qd8 23. Qc2 Bc5 24. Rfd1 Qe8 25. Rxa8 Qxa8 26. h3 Qa4 27. Qe2
Qa3 28. Qe1 Rd8 29. Rb1 Qa4 30. Rd1 Ra8 31. Qd2 Be7 32. Kh2 Qa3 33. Bc2 Kh8 34.
Qe3 Qc5 35. Qxc5 Bxc5 36. f4 g6 37. e5 f5 38. Rd3 Bc4 39. Rd7 Bd5 40. Bd3 Ra2
41. Bf1 Ra1 42. Rd8+ Kg7 43. Rd7+ Kg8 44. Be2 Bg1+ 45. Kh1 Bb6+ 46. Kh2 g5 47.
Bf3 Bg1+ 0-1

[Event "14PCR_F"]
[Site "?"]
[Date "2005.??.??"]
[Round "?"]
[White "Janecek, Josef"]
[Black "Slavik, Miroslav"]
[Result "1/2-1/2"]
[WhiteElo "2227"]
[BlackElo "2198"]
[PlyCount "105"]
[EventDate "2005.??.??"]
[EventType "corr"]
[SourceDate "2006.01.10"]

1. e4 c6 2. d4 d5 3. exd5 cxd5 4. c4 Nf6 5. Nc3 e6 6. Nf3 Bb4 7. cxd5 Nxd5 8.
Qc2 Nc6 9. Be2 O-O 10. O-O Re8 11. Rd1 h6 12. a3 Bd6 13. Bd3 Bd7 14. Ne4 Be7
15. b4 Rc8 16. Qb2 a6 17. Nc5 Rc7 18. Bd2 Nb8 19. a4 Qc8 20. b5 Bxc5 21. dxc5
Rxc5 22. Rdc1 axb5 23. axb5 Qc7 24. Qd4 b6 25. Rxc5 Qxc5 26. Qxc5 bxc5 27. Ra7
e5 28. Ba5 e4 29. Bc4 Be6 30. Nd2 f5 31. g4 g6 32. Rb7 Kf8 33. Nb3 Nd7 34. gxf5
gxf5 35. Rxd7 Bxd7 36. Bxd5 Bxb5 37. Nxc5 Ke7 38. Bb4 Kf6 39. Bc3+ Ke7 40. Be5
Rc8 41. Ne6 Rc1+ 42. Kg2 Bc6 43. Nf4 Bxd5 44. Nxd5+ Kf7 45. Ne3 Rc8 46. Kg3 Ra8
47. Kf4 Ke6 48. Bd4 Ra3 49. Bb6 Ra6 50. Bd8 Ra2 51. Bh4 Ra4 52. Bg3 Kf6 53. f3
1/2-1/2

[Event "14PCR_F"]
[Site "?"]
[Date "2005.??.??"]
[Round "?"]
[White "Bednarik, Radovan"]
[Black "Rychtecky, Pavel"]
[Result "1-0"]
[WhiteElo "2201"]
[BlackElo "2218"]
[PlyCount "81"]
[EventDate "2005.??.??"]
[EventType "corr"]
[SourceDate "2006.01.10"]

1. d4 Nf6 2. c4 g6 3. Nc3 d5 4. cxd5 Nxd5 5. e4 Nxc3 6. bxc3 Bg7 7. Nf3 c5 8.
Bb5+ Nc6 9. O-O cxd4 10. cxd4 O-O 11. Be3 Bg4 12. Bxc6 bxc6 13. Rc1 Rc8 14. Rc5
Bxf3 15. Qxf3 Bxd4 16. Rd1 e5 17. Bxd4 exd4 18. Qd3 Qe7 19. Rdc1 Rfe8 20. f3
Qf6 21. R1c4 Red8 22. a4 Rc7 23. a5 Kf8 24. g3 Qd6 25. f4 f6 26. Kg2 Kg7 27. h3
Qd7 28. a6 Qd6 29. Rc2 Qe6 30. R2c4 Kf7 31. g4 Qd7 32. Kh1 Kg7 33. Kg2 Kf8 34.
Kh2 Qd6 35. e5 fxe5 36. fxe5 Qd7 37. Kg3 Kg7 38. Ra5 Rcc8 39. Rac5 Qe7 40. Kg2
Kf7 41. Rc2 1-0

[Event "14PCR_F"]
[Site "?"]
[Date "2005.??.??"]
[Round "?"]
[White "Bednarik, Radovan"]
[Black "Slavik, Miroslav"]
[Result "1-0"]
[WhiteElo "2201"]
[BlackElo "2198"]
[PlyCount "87"]
[EventDate "2005.??.??"]
[EventType "corr"]
[SourceDate "2006.01.10"]

1. d4 Nf6 2. c4 g6 3. Nc3 Bg7 4. e4 d6 5. f3 O-O 6. Be3 Nbd7 7. Qd2 e5 8. d5
Nh5 9. O-O-O f5 10. exf5 gxf5 11. Bd3 Ndf6 12. Nge2 Kh8 13. Kb1 a6 14. Bg5 Qe8
15. Qc2 Bd7 16. Ng3 Qg6 17. Be3 Nxg3 18. hxg3 Rae8 19. Qf2 b5 20. Bc2 bxc4 21.
g4 Rb8 22. Ka1 Rb4 23. Qh4 Rfb8 24. Bc1 a5 25. Rh3 Kg8 26. Rdh1 Kf8 27. g5 Ng8
28. a3 R4b6 29. Qxc4 c6 30. Rxh7 Qf7 31. Qd3 c5 32. Qd1 R8b7 33. g4 Qg6 34. Qd2
a4 35. Nxa4 Ra6 36. Nc3 c4 37. Qe2 Rc7 38. Be3 Rc8 39. f4 e4 40. Qd2 Rc7 41.
Bd4 Bc8 42. Qe2 Ra8 43. Bxg7+ Rxg7 44. Rh8 1-0

[Event "14PCR_F"]
[Site "?"]
[Date "2005.??.??"]
[Round "?"]
[White "Pytlik, Lesek"]
[Black "Rychtecky, Pavel"]
[Result "1/2-1/2"]
[WhiteElo "2367"]
[BlackElo "2218"]
[PlyCount "102"]
[EventDate "2005.??.??"]
[EventType "corr"]
[SourceDate "2006.01.10"]

1. e4 e5 2. Nf3 Nf6 3. Nxe5 d6 4. Nf3 Nxe4 5. d4 d5 6. Bd3 Nc6 7. O-O Be7 8. c4
Nb4 9. Be2 O-O 10. a3 Nc6 11. Nc3 Nxc3 12. bxc3 Be6 13. cxd5 Bxd5 14. Rb1 Re8
15. Re1 Bd6 16. Rb5 Bf8 17. Bd3 Bxf3 18. gxf3 b6 19. Rxe8 Qxe8 20. Rg5 Rd8 21.
Rg4 Ne7 22. Bg5 Qd7 23. Qb3 c6 24. a4 Qe8 25. a5 bxa5 26. Qa4 Rd6 27. Qxa5 Qd7
28. Kh1 Nd5 29. c4 Ne7 30. Be3 f5 31. Rg1 f4 32. Bxf4 Rxd4 33. Be4 Ng6 34. Be3
Rxc4 35. Ra1 Qe6 36. Qf5 Qxf5 37. Bxf5 Nf4 38. Rxa7 h6 39. Rd7 Ra4 40. h3 Ra5
41. Be4 Nd5 42. Bd4 h5 43. Rb7 Be7 44. Bg6 h4 45. Rb8+ Bf8 46. Be8 Rb5 47. Rxb5
cxb5 48. Bxb5 Nf4 49. Bd7 Bd6 50. Be3 Kf7 51. Kg1 Ke7 1/2-1/2

[Event "14PCR_F"]
[Site "?"]
[Date "2005.??.??"]
[Round "?"]
[White "Rychtecky, Pavel"]
[Black "Mudra, Oldrich"]
[Result "1/2-1/2"]
[WhiteElo "2218"]
[BlackElo "2097"]
[PlyCount "86"]
[EventDate "2005.??.??"]
[EventType "corr"]
[SourceDate "2006.01.10"]

1. d4 Nf6 2. c4 e6 3. Nc3 d5 4. Bg5 Be7 5. Nf3 O-O 6. e3 h6 7. Bh4 Nbd7 8. Qc2
c6 9. cxd5 exd5 10. Bd3 Re8 11. O-O Nf8 12. h3 Ne4 13. Bxe7 Qxe7 14. a4 a5 15.
Bxe4 dxe4 16. Ne5 Nd7 17. Qxe4 Nxe5 18. Qxe5 Qxe5 19. dxe5 Rxe5 20. Rfd1 Be6
21. Rd6 Re8 22. Rad1 Kf8 23. Kh2 Ke7 24. e4 Rc5 25. f4 f5 26. e5 Rc4 27. R6d4
Rxd4 28. Rxd4 Ra8 29. Kg3 Rb8 30. Kf3 g6 31. Rd6 Rd8 32. Rxd8 Kxd8 33. g4 Ke7
34. Kg3 b6 35. Kh4 Kd7 36. g5 h5 37. Kg3 Bc4 38. h4 Bd3 39. Kf2 Bc2 40. Ke2 Ke6
41. Kd2 Bb3 42. Kd3 Ke7 43. Kd4 Ke6 1/2-1/2

[Event "14PCR_F"]
[Site "?"]
[Date "2005.??.??"]
[Round "?"]
[White "Nosek, Jaroslav"]
[Black "Rychtecky, Pavel"]
[Result "1-0"]
[WhiteElo "2284"]
[BlackElo "2218"]
[PlyCount "81"]
[EventDate "2005.??.??"]
[EventType "corr"]
[SourceDate "2006.01.10"]

1. e4 c5 2. Nf3 d6 3. d4 cxd4 4. Nxd4 Nf6 5. Nc3 a6 6. Bg5 e6 7. f4 Be7 8. Qf3
Qc7 9. O-O-O Nbd7 10. g4 b5 11. Bxf6 Nxf6 12. g5 Nd7 13. f5 Bxg5+ 14. Kb1 Ne5
15. Qh5 Qe7 16. Nxe6 Bxe6 17. fxe6 g6 18. exf7+ Kxf7 19. Qe2 Kg7 20. Nd5 Qa7
21. Qg2 Bh6 22. Be2 Rhf8 23. Rhf1 Qc5 24. h4 a5 25. Ne7 Kh8 26. h5 Rfe8 27. Nd5
Rac8 28. c3 b4 29. Ba6 Ra8 30. hxg6 bxc3 31. Rh1 Bg7 32. Rxh7+ Kg8 33. Rc1 Rxa6
34. Rxc3 Rc6 35. Rxc5 dxc5 36. Qc2 Nxg6 37. Rh5 c4 38. Qa4 Ree6 39. Qxa5 Rc8
40. a4 Rb8 41. Rh2 1-0